000 00445cam a2200169ua 4500
001 15883
008 181109n2009 II |||gr||||Z||||||eng
040 _aMAIN
041 _aEnglish
041 _aeng
082 _a320.54162 BAR
100 _aBARUAH , CHANDRA NATH.
245 _aASSAMESE RESPONSE TO REGIONALISM (A STUDY BASED ON ELECTORIAL POLITICS )
260 _aNEW DELHI
_bMITTAL PUBLISHERS
_c2009
300 _a108:
_c20CM.
942 _cBK
999 _c15768
_d15768